[Event "Hannover-chC"]
[Site "Lehrte"]
[Date "2011.10.15"]
[Round "1"]
[White "Schmezko, Stefan"]
[Black "Schulz, Daniel"]
[Result "1-0"]
[WhiteElo "2077"]
[BlackElo "1848"]
[PlyCount "81"]
[EventDate "2011.10.15"]
[EventType "swiss"]
[EventRounds "7"]
[EventCountry "GER"]
[SourceTitle "EXT 2021"]
[Source "ChessBase"]
[SourceDate "2020.10.23"]
[SourceVersion "1"]
[SourceVersionDate "2020.10.23"]
[SourceQuality "1"]

1. d4 Nf6 2. c4 e6 3. Nc3 Bb4 4. e3 b6 5. Bd3 Bb7 6. Nf3 Ne4 7. 0-0 f5 8. Na4 Be7 9. a3 c5 10. dxc5 bxc5 11. Nd2 Nf6 12. b4 cxb4 13. axb4 Bxb4 14. Rb1 Nc6 15. Nb3 0-0 16. Nd4 a5 17. Nb5 d6 18. Bb2 Qe7 19. Qc2 Nd7 20. Nd4 Nc5 21. Be2 Nxa4 22. Qxa4 Nxd4 23. exd4 Qg5 24. f3 Qe3+ 25. Rf2 e5 26. Qd1 Rad8 27. Ba1 Ba8 28. Rb3 Qg5 29. Bf1 f4 30. Bc3 Bxc3 31. Rxc3 exd4 32. Qxd4 Qe5 33. Rd2 Rfe8 34. Rcd3 Qxd4+ 35. Rxd4 d5 36. cxd5 g5 37. Ra2 Rxd5 38. Bc4 Red8 39. Rxa5 Kf7 40. Rxa8 Ke6 41. Rxd8 1-0

[Event "Hannover-chC"]
[Site "Lehrte"]
[Date "2010.10.11"]
[Round "6"]
[White "Titzhoff, Frank"]
[Black "Schmezko, Stefan"]
[Result "0-1"]
[WhiteElo "2054"]
[BlackElo "2067"]
[PlyCount "40"]
[EventDate "2010.10.09"]
[EventType "swiss"]
[EventRounds "7"]
[EventCountry "GER"]
[SourceTitle "EXT 2021"]
[Source "ChessBase"]
[SourceDate "2020.10.23"]
[SourceVersion "1"]
[SourceVersionDate "2020.10.23"]
[SourceQuality "1"]

1. e4 e5 2. Nf3 Nc6 3. d4 exd4 4. Nxd4 Nf6 5. Nxc6 bxc6 6. e5 Qe7 7. Qe2 Nd5 8. c4 Ba6 9. b3 Qh4 10. a3 Bc5 11. g3 Bxf2+ 12. Kxf2 Qd4+ 13. Kg2 Qxa1 14. Qc2 Qxe5 15. cxd5 Qxd5+ 16. Kh3 Qxh1 17. Bxa6 0-0 18. Bd3 Rfe8 19. Nd2 Re5 20. Nf1 Qf3 0-1

[Event "Travemuende op 21th"]
[Site "Travemuende"]
[Date "2004.12.29"]
[Round "6"]
[White "Schmezko, Stefan"]
[Black "Maiwald, Jens Uwe"]
[Result "0-1"]
[WhiteElo "2185"]
[BlackElo "2524"]
[PlyCount "86"]
[EventDate "2004.12.27"]
[EventType "swiss"]
[EventRounds "7"]
[EventCountry "GER"]
[SourceTitle "EXT 2006"]
[Source "ChessBase"]
[SourceDate "2005.11.24"]
[SourceVersion "1"]
[SourceVersionDate "2005.11.24"]
[SourceQuality "1"]

1. d4 g6 2. c4 Bg7 3. e4 d6 4. Nc3 Nf6 5. Nf3 0-0 6. Be2 e5 7. 0-0 Nc6 8. d5 Ne7 9. b4 Ne8 10. a4 f5 11. Nd2 Nf6 12. Ba3 Bh6 13. Bf3 Bxd2 14. Qxd2 f4 15. h3 g5 16. Qd1 Ng6 17. Be2 Nh4 18. f3 Qd7 19. Rf2 h5 20. c5 Qg7 21. Bf1 g4 22. Kh1 Kh8 23. Qe1 gxf3 24. gxf3 Rg8 25. Ne2 Nh7 26. Bb2 Bd7 27. Ra3 Raf8 28. Rh2 Qg5 29. Qf2 Rg7 30. Bc3 Rfg8 31. Be1 Nf6 32. cxd6 cxd6 33. Qxa7 Nxf3 34. Rg2 Nxe1 35. Rxg5 Rxg5 36. Qf2 Nc2 37. Rc3 Nxe4 38. Qf3 Nxc3 39. Qxc3 Ne3 40. Qc1 Bf5 41. Kh2 Be4 42. Nc3 Nxf1+ 43. Qxf1 Rg2+ 0-1

[Event "Travemuende op 19th"]
[Site "Travemuende"]
[Date "2002.12.27"]
[Round "2"]
[White "Schmezko, Stefan"]
[Black "Richter, Michael"]
[Result "1/2-1/2"]
[WhiteElo "2078"]
[BlackElo "2396"]
[PlyCount "116"]
[EventDate "2002.12.21"]
[EventType "swiss"]
[EventRounds "7"]
[EventCountry "GER"]
[SourceTitle "EXT 2004"]
[Source "ChessBase"]
[SourceDate "2003.11.25"]
[SourceVersion "1"]
[SourceVersionDate "2003.11.25"]
[SourceQuality "1"]

1. d4 Nf6 2. c4 e6 3. Nc3 Bb4 4. e3 0-0 5. Bd3 d5 6. a3 Be7 7. Nf3 dxc4 8. Bxc4 a6 9. 0-0 b5 10. Bb3 Bb7 11. Qe2 c5 12. dxc5 Nbd7 13. Rd1 Qc7 14. e4 Nxc5 15. Bc2 Rfe8 16. h3 Rad8 17. Bg5 h6 18. Bd2 e5 19. Rac1 Qb8 20. b4 Ne6 21. Be3 Bf8 22. Rxd8 Rxd8 23. Rd1 Rxd1+ 24. Qxd1 Qd6 25. Qxd6 Bxd6 26. Kf1 g5 27. g3 Kf8 28. h4 Ng4 29. Bb6 Ke7 30. hxg5 hxg5 31. Bb3 f6 32. Bd5 Bc8 33. Bc6 Bc7 34. Ba7 Kd6 35. Bd5 Nh6 36. Nd2 Ng8 37. Bc5+ Kd7 38. Nb3 Bd6 39. Bxd6 Kxd6 40. Nc5 Nxc5 41. bxc5+ Kxc5 42. Bxg8 Kd4 43. Nd5 Kxe4 44. Nxf6+ Kd3 45. Nd5 Kc2 46. Nb4+ Kb2 47. Nd3+ Kxa3 48. Nxe5 a5 49. Ke1 Kb2 50. Kd2 Bf5 51. Nc6 a4 52. Nd4 Bd7 53. f4 gxf4 54. gxf4 b4 55. f5 a3 56. f6 Be8 57. f7 Bxf7 58. Bxf7 a2 1/2-1/2

[Event "IECG CP.1999.F.00001 email"]
[Site "IECG email"]
[Date "2002.10.01"]
[Round "?"]
[White "Schmezko, Stefan"]
[Black "Martjukhin, Viktor"]
[Result "1/2-1/2"]
[WhiteElo "2185"]
[BlackElo "2281"]
[PlyCount "75"]
[EventDate "2002.10.01"]
[EventType "tourn (corr)"]
[EventRounds "8"]
[SourceTitle "Corr 2008"]
[Source "ChessBase"]
[SourceDate "2008.06.24"]
[SourceVersion "1"]
[SourceVersionDate "2008.06.24"]
[SourceQuality "1"]

1. d4 Nf6 2. c4 g6 3. Nc3 Bg7 4. e4 0-0 5. Nf3 c6 6. Bd3 d6 7. h3 c5 8. d5 Na6 9. 0-0 Nb4 10. Be2 e5 11. a3 Na6 12. Ne1 Ne8 13. Nd3 f5 14. b4 b6 15. Bf3 Bd7 16. Bd2 Nac7 17. a4 a5 18. bxc5 bxc5 19. Ra3 Na6 20. exf5 gxf5 21. Ne1 Nb4 22. Nb5 Qe7 23. Be2 Kh8 24. f4 e4 25. g4 Rb8 26. g5 Rb7 27. h4 Nc7 28. h5 Kg8 29. Bc3 Bxc3 30. Rxc3 Na8 31. h6 Nb6 32. Ng2 Be8 33. Rg3 Bg6 34. Nh4 Qd8 35. Rf2 Nc8 36. Rh2 Rff7 37. Qd2 Rbd7 38. Kg2 1/2-1/2

[Event "IECG CP.1999.Q.00018"]
[Site "IECG email"]
[Date "2000.10.01"]
[Round "?"]
[White "Schmezko, Stefan"]
[Black "Valverde Toresano, Andres"]
[Result "1-0"]
[WhiteElo "2152"]
[BlackElo "2247"]
[PlyCount "73"]
[EventDate "2000.10.01"]
[EventType "tourn (corr)"]
[EventRounds "8"]
[EventCountry "GER"]
[SourceTitle "Corr 2008"]
[Source "ChessBase"]
[SourceDate "2008.06.24"]
[SourceVersion "1"]
[SourceVersionDate "2008.06.24"]
[SourceQuality "1"]

1. d4 Nf6 2. c4 e6 3. Nc3 d5 4. cxd5 exd5 5. Bg5 Be7 6. e3 c6 7. Qc2 0-0 8. Bd3 Nbd7 9. Nge2 Re8 10. 0-0 Nf8 11. f3 Be6 12. Bh4 Ng6 13. Bf2 c5 14. Rad1 Rc8 15. Qb1 c4 16. Bc2 a6 17. e4 b5 18. e5 Nd7 19. f4 Bg4 20. f5 Ngf8 21. Rde1 Nb6 22. Ng3 h5 23. h3 h4 24. Nge2 Bxe2 25. Rxe2 b4 26. Na4 Bg5 27. Qe1 a5 28. Nxb6 Qxb6 29. Ba4 Re7 30. Bxh4 Bxh4 31. Qxh4 Rec7 32. Bc2 Qh6 33. Qxh6 gxh6 34. b3 c3 35. Rf4 Rc6 36. Rg4+ Kh8 37. f6 1-0